书目信息 |
| 题名: |
警世通言
|
|
| 作者: | 冯梦龙 编著 ;杨曙辉 , 杨韵琴 英译 | |
| 分册: | II | |
| 出版信息: | 长沙 岳麓书社 2009.01 |
|
| 页数: | 510-1037页 | |
| 开本: | 25cm | |
| 丛书名: | 大中华文库 | |
| 单 册: | ||
| 中图分类: | H319.4:I | |
| 科图分类: | ||
| 主题词: | 英语--ying yu--汉语--对照读物 , 话本小说--hua ben xiao shuo--中国--明代 | |
| 电子资源: | ||
| ISBN: | 978-7-80761-045-8 | |
| 000 | 01314nam 2200313 450 | |
| 001 | 012010766469 | |
| 005 | 20100403163958.84 | |
| 010 | @a978-7-80761-045-8@b精装@dCNY87.50 | |
| 100 | @a20100403d2009 em y0chiy0120 ea | |
| 101 | 0 | @achi@aeng |
| 102 | @aCN@b430000 | |
| 105 | @aa z 000ay | |
| 106 | @ar | |
| 200 | 1 | @a警世通言@Ajing shi tong yan@d= Stories to caution the world@hII@e汉英对照@f(明) 冯梦龙编著@F(ming)feng meng long bian zhu@g杨曙辉, 杨韵琴英译@Gyang shu hui,yang yun qin ying yi@zeng |
| 210 | @a长沙@c岳麓书社@d2009.01 | |
| 215 | @a510-1037页@c图@d25cm | |
| 225 | 2 | @a大中华文库@Ada zhong hua wen ku |
| 300 | @a本书出版得到《大中华文库》出版经费资助 | |
| 330 | @a本书以婚姻爱情为主题的话本小说为最多,有的表现青年男女对自由爱情的热烈追求,有的表现下层女子不幸的生活遭遇和痛苦;有喜剧,也有悲剧。这些作品表现出来的深刻的思想内涵和高超的艺术技巧,都让人耳目一新,美不胜收。 | |
| 410 | 0 | @12001 @a大中华文库 |
| 510 | 1 | @aStories to caution the world@zeng |
| 606 | 0 | @a英语@Aying yu@x汉语@j对照读物 |
| 606 | 0 | @a话本小说@Ahua ben xiao shuo@y中国@z明代 |
| 690 | @aH319.4:I@v4 | |
| 701 | 0 | @a冯梦龙@Afeng meng long@4编著 |
| 702 | 0 | @a杨曙辉@Ayang shu hui@4英译 |
| 702 | 0 | @a杨韵琴@Ayang yun qin@4英译 |
| 801 | 0 | @aCN@bQSSK@c20100403 |
| 905 | @b773362-64@dH319.4:I@eF493:2@f3 | |
| 警世通言= Stories to caution the world.II:汉英对照/(明) 冯梦龙编著/杨曙辉, 杨韵琴英译.-长沙:岳麓书社,2009.01 |
| 510-1037页:图;25cm.-(大中华文库) |
| 本书出版得到《大中华文库》出版经费资助 |
| ISBN 978-7-80761-045-8(精装):CNY87.50 |
| 本书以婚姻爱情为主题的话本小说为最多,有的表现青年男女对自由爱情的热烈追求,有的表现下层女子不幸的生活遭遇和痛苦;有喜剧,也有悲剧。这些作品表现出来的深刻的思想内涵和高超的艺术技巧,都让人耳目一新,美不胜收。 |
| ● |
| 相关链接 |
|
|
|
正题名:警世通言
索取号:H319.4:I/F493:2
 
预约/预借
| 序号 | 登录号 | 条形码 | 馆藏地/架位号 | 状态 | 备注 |
| 1 | 773362 | 207733620 | 语言库209/209语言库 53排1列6层/ [索取号:H319.4:I/F493:2] | 在馆 | |
| 2 | 773363 | 207733639 | 语言库209/209语言库 53排1列6层/ [索取号:H319.4:I/F493:2] | 在馆 | |
| 3 | 773364 | 207733648 | 语言库209/209语言库 53排1列6层/ [索取号:H319.4:I/F493:2] | 在馆 |